Climate change and the Kyoto Protocol's clean development organism : (Record no. 87598)

MARC details
000 -LEADER
campo de control de longitud fija 01002cam a2200301 a 4500
001 - NÚMERO DE CONTROL
campo de control 33634
005 - FECHA Y HORA DE LA ÚLTIMA TRANSACCIÓN
campo de control 20230410132758.0
008 - DATOS DE LONGITUD FIJA--INFORMACIÓN GENERAL
campo de control de longitud fija 040818s2004 enka 000 0 eng d
035 ## - NÚMERO DE CONTROL DEL SISTEMA
Número de control de sistema 13712785
010 ## - NÚMERO DE CONTROL DE LA BIBLIOTECA DEL CONGRESO
Número de control de LC 2004445165
020 ## - NÚMERO INTERNACIONAL ESTÁNDAR DEL LIBRO
Número Internacional Estándar del Libro 1919930515 (Double Storey)
020 ## - NÚMERO INTERNACIONAL ESTÁNDAR DEL LIBRO
Número Internacional Estándar del Libro 1853395935 (ITDG Pub.)
035 ## - NÚMERO DE CONTROL DEL SISTEMA
Número de control de sistema (OCoLC)ocm56218804
040 ## - FUENTE DE CATALOGACIÓN
Centro catalogador/agencia de origen UAB
Centro/agencia transcriptor UAB
Centro/agencia modificador DLC
050 14 - SIGNATURA TOPOGRÁFICA DE LA BIBLIOTECA DEL CONGRESO
Número de clasificación QC 981.8
Número de ítem O67c 2004
082 00 - NÚMERO DE LA CLASIFICACIÓN DECIMAL DEWEY
Número de clasificación 363.738/74526
Número de edición 22
100 1# - ENTRADA PRINCIPAL--NOMBRE DE PERSONA
Nombre de persona Orford, Margie.
245 10 - MENCIÓN DEL TÍTULO
Título Climate change and the Kyoto Protocol's clean development organism :
Resto del título Brazil, Bangladesh, Indonesia, South Africa /
Mención de responsabilidad, etc. Margie Orford ; with Stefan Raubenheimer and Barry Kantor.
260 ## - PUBLICACIÓN, DISTRIBUCIÓN, ETC.
Lugar de publicación, distribución, etc. London :
Nombre del editor, distribuidor, etc. ITDG,
Fecha de publicación, distribución, etc. c2004.
300 ## - DESCRIPCIÓN FÍSICA
Extensión 107 p. :
Otras características físicas ill. ;
Dimensiones 20 cm.
650 #0 - PUNTO DE ACCESO ADICIONAL DE MATERIA--TÉRMINO DE MATERIA
Término de materia o nombre geográfico como elemento de entrada Climatic changes
Subdivisión general Government policy.
650 #0 - PUNTO DE ACCESO ADICIONAL DE MATERIA--TÉRMINO DE MATERIA
Término de materia o nombre geográfico como elemento de entrada Global environmental change.
700 1# - ENTRADA AGREGADA--NOMBRE PERSONAL
Nombre de persona Raubenheimer, Stefan.
700 1# - ENTRADA AGREGADA--NOMBRE PERSONAL
Nombre de persona Kantor, Barry.
925 0# -
-- acquire
-- 1 shelf copy
-- policy default
942 ## - ELEMENTOS DE ENTRADA SECUNDARIOS (KOHA)
Fuente del sistema de clasificación o colocación Clasificación de Library of Congress
Tipo de ítem Koha
923 ## -
-- copyright
Holdings
Estatus retirado Estado de pérdida Fuente del sistema de clasificación o colocación Estado de daño No para préstamo Colección Biblioteca de origen Biblioteca actual Ubicación en estantería Fecha de adquisición Serial enumeration / chronology Signatura topográfica completa Código de barras Visto por última vez Copia número Tipo de ítem Koha
    Clasificación de Library of Congress     Humanidades Biblioteca Juan Bosch Biblioteca Juan Bosch Humanidades (4to. Piso) 10/04/2023 1 QC 981.8 O67c 2004 00000035975 25/10/2018 1